Szczegóły MARC21

Polowanie na klienta : jak nami manipulują producenci i sprzedawcy : 45 sztuczek i tricków /

003 -Nazwa inst., której nr kontr. jest w polu 001 [,]
    • @
    • Nazwa instytucji, której n kontrolny jest w polu 001
    • NUKAT
005 -DATA I CZAS OSTATNIEJ MODYFIKACJI [,]
    • @
    • pole kontrolne
    • 20241231114931.0
020 -Międzynarod. znormalizowany nr książki - ISBN [ , ]
    • a
    • Numer ISBN
    • 8391856704 Find
040 -Instytucja sporządzająca opis [ , ]
    • a
    • Instytucja, która sporządziła opis (NP)
    • WA M/GM
    • c
    • Instytucja, która sporządziła rekord (NP)
    • WA M/GM
    • d
    • Instytucja, która zmodyfikowała rekord (P)
    • WA M/ES
    • d
    • Instytucja, która zmodyfikowała rekord (P)
    • KR U/IFs
942 -Rodzaj dokumentu [ , ]
    • c
    • Rodzaj dokumentu
    • Książka
100 -Hasło główne - nazwa osobowa [1, ]
    • a
    • Nazwa osobowa (NP)
    • Kondej, Andrzej.
    • 9
    • KHW
    • 83136
245 -Strefa tytułu i oznaczenia odpowiedzialności [1,0]
    • a
    • Tytuł
    • Polowanie na klienta : Find
    • b
    • Ciąg dalszy tytułu (NP)
    • jak nami manipulują producenci i sprzedawcy : 45 sztuczek i tricków / Find
    • c
    • Pozostałe elementy strefy tytułu i oznaczenia odpowiedzialności (NP)
    • Andrzej Kondej.
260 -Strefa adresu wydawniczego [ , ]
    • a
    • Miejsce wydania (P)
    • Białystok :
    • b
    • Nazwa wydawcy (P)
    • SBK Marketing,
    • c
    • Data wydania (P)
    • 2003.
300 -Strefa opisu fizycznego [ , ]
    • a
    • Określenie formy książki i/lub objętość (NP)
    • 279, [1] s. :
    • b
    • Oznaczenie ilustracji (NP)
    • rys. ;
    • c
    • Format (NP)
    • 20 cm.
336 -Typ zawartości [ , ]
    • a
    • Termin opisujący typ zawartości
    • Tekst
    • b
    • Kod określający zawartość
    • txt
    • 2
    • Źródło (terminu i kodu)
    • rdacontent
337 -Typ mediów [ , ]
    • a
    • Tryb odtwarzania
    • Bez urządzenia pośredniczącego
    • b
    • Kod typu mediów
    • n
    • 2
    • Źródło (terminu i kodu)
    • rdamedia
338 -Typ/rodzaj nośnika [ , ]
    • a
    • Hasło opisujące typ nośnika
    • Wolumin
    • b
    • Kod typu nośnika
    • nc
    • 2
    • Źródło (terminu i kodu)
    • rdacarrier
080 -Uniwersalna Klasyfikacja Dziesiętna [ , ]
    • 2
    • Identyfikator wydania tablic
    • UDC-P058
    • 9
    • UKD
    • 5644
    • a
    • Symbol klasyfikacji
    • 658.8
    • b
    • Dopowiedzenie
    • Rozprowadzanie towarów. Zbyt. Sprzedaż. Sprzedaż hurtowa, detaliczna. Sklepy. Domy towarowe.
080 -Uniwersalna Klasyfikacja Dziesiętna [ , ]
    • 2
    • Identyfikator wydania tablic
    • UDC-P058
    • 9
    • UKD
    • 3295
    • a
    • Symbol klasyfikacji
    • 339.137
    • b
    • Dopowiedzenie
    • Konkurencja. Dumping. Konkurencja za pomocą cen i jakości. Antydumping. Import po cenach zaniżonych.
080 -Uniwersalna Klasyfikacja Dziesiętna [ , ]
    • 2
    • Identyfikator wydania tablic
    • UDC-P058
    • 9
    • UKD
    • 3296
    • a
    • Symbol klasyfikacji
    • 339.138
    • b
    • Dopowiedzenie
    • Marketing. Badania marketingowe.
080 -Uniwersalna Klasyfikacja Dziesiętna [ , ]
    • 2
    • Identyfikator wydania tablic
    • UDC-P058
    • 9
    • UKD
    • 3794
    • a
    • Symbol klasyfikacji
    • 366
    • b
    • Dopowiedzenie
    • Konsumeryzm. Konsumenci.
650 -Hasło przedmiotowe [ ,7]
    • a
    • Hasło przedmiotowe
    • Sprzedaż
    • x
    • Określnik rzeczowy
    • aspekt psychologiczny
    • v
    • Określnik formalny
    • wydawnictwa popularne.
    • 2
    • Źródło terminu
    • kaba
    • 9
    • KHW
    • 377101
650 -Hasło przedmiotowe [ ,7]
    • a
    • Hasło przedmiotowe
    • Marketing
    • v
    • Określnik formalny
    • wydawnictwa popularne.
    • 2
    • Źródło terminu
    • kaba
    • 9
    • KHW
    • 377100
650 -Hasło przedmiotowe [ ,7]
    • a
    • Hasło przedmiotowe
    • Reklama
    • v
    • Określnik formalny
    • wydawnictwa popularne.
    • 2
    • Źródło terminu
    • kaba
    • 9
    • KHW
    • 377099
980 -Symbol UKD [ , ]
    • a
    • UKD
    • 658.8:339.137/.138:366
920 -ISBN [ , ]
    • a
    • ISBN
    • 83-918567-0-4 Find
Lokalizacja Data inwentaryzacji Sygnatura Numer inwentarzowy Status udost.
T2014-11-24T.18462T.18462-2
T2014-11-24TM.11683TM.11683-3